Finish the Lyric (taylor's version) - Statistics

General Stats
  • This quiz has been taken 26 times
  • The average score is 11 of 21
Answer Stats
Hint Answer % Correct
....and pulled out a ___ and said, marry me Juliet... ring
100%
I know how to make you laugh when you know you're 'bout to ___. cry
94%
She should keep in mind there is ___ I do better than renevge... nothing
83%
I dont like your _____ games. little
72%
Dont call me ___ dont call me baby... kid
67%
Hey dorothea do you ever ___ and think about me stop
67%
Fever dream ___ in the quiet of the night... high
61%
This scene feels like what I once saw on a _____ screen
61%
I leave my ___ open, cause I'm too tired at night to call your name... window
61%
your faithless love's the only ____ I believe in. hoax
56%
And I was catching my _____, floors of a cabin creaking under my step breath
50%
all these other other girls, well they're beautiful, but would they ___ _ ____ for you? write a song
50%
No words appear before me in the _____ aftermath
44%
In the middle of the night when I'm in this ____ its like a million little stars... dream
39%
Now you're runnin' down the ____, you know what they all say... hallway
33%
____ smile, indigo eyes, hand on my thigh we can follow the sparks... Lyrical
33%
It's alright just wait and see your ____ __ ______ is still bright to me, oh... string of lights
33%
Covered in mud, you look ______ and you have no idea ridiculous
28%
When the first ____ thrown, they're screaming stones
28%
While she waits up and you ___ down the newest thing to take for granted... chase
22%
Lost my ___, yeah you give me one, wanna hang out, yeah... gloves
22%
No matching quizzes found
Score Distribution
Percent of People with Each Score
Percentile by Number Answered
Your Score History
You have not taken this quiz